Movies Quiz

Random Movies or James Bond Quiz

Complete the James Bond Movie... With a Picture Quiz Stats

 Plays Quiz Updated Jun 28, 2019

Score 0/15 Timer 05:00
83 Plays Today
% Correct
On Her MAJESTY's
Secret Service
98.3%
DIAMONDS Are Forever
98.2%
For Your EYES Only
97.6%
DR. No
97.1%
The Man with the
Golden GUN
97.1%
The WORLD Is
Not Enough
97%
MOONraker
96.9%
The SPY Who Loved Me
96.5%
% Correct
GoldFINGER
96.3%
SkyFALL
96.1%
ThunderBALL
95.7%
CASINO Royale
94.9%
From RUSSIA with Love
93.8%
Live and Let DIE
93.6%
LICENCE to Kill
91.4%

You're not logged in!

Compare scores with friends on all Sporcle quizzes.
OR
Log In

Sporcle TV

Today on Sporcle TV


Watch our educational content, quiz creation guides, and fun videos on Sporcle TV.

Show Comments

Extras

Top Quizzes Today


Score Distribution

Your Account Isn't Verified!

In order to create a playlist on Sporcle, you need to verify the email address you used during registration. Go to your Sporcle Settings to finish the process.

Report this User

Report this user for behavior that violates our Community Guidelines.

Details: